AH International Schools' Libraries

Anika and the chest bird in Singapore (KHMER) / (Record no. 48877)

MARC details
000 -LEADER
fixed length control field 00365nam a2200121 4500
020 ## - INTERNATIONAL STANDARD BOOK NUMBER
International Standard Book Number 9789996359729
100 ## - MAIN ENTRY--PERSONAL NAME
Personal name Gaborit, Helene
9 (RLIN) 86263
245 ## - TITLE STATEMENT
Title Anika and the chest bird in Singapore (KHMER) /
Statement of responsibility, etc Hele Gaborit & Claude Sauquet
260 ## - PUBLICATION, DISTRIBUTION, ETC. (IMPRINT)
Place of publication, distribution, etc Cambodia
Name of publisher, distributor, etc Open Book
Date of publication, distribution, etc 2023
300 ## - PHYSICAL DESCRIPTION
Extent 29 p.
Other physical details col. ill.
Dimensions 30 cm.
650 ## - SUBJECT ADDED ENTRY--TOPICAL TERM
Topical term or geographic name as entry element Khmer Fiction
9 (RLIN) 80279
942 ## - ADDED ENTRY ELEMENTS (KOHA)
Source of classification or shelving scheme
Koha item type Book
Holdings
Withdrawn status Lost status Source of classification or shelving scheme Damaged status Not for loan Collection code Home library Current library Date acquired Total Checkouts Full call number Barcode Checked out Date last seen Date checked out Price effective from Koha item type
          Siem Riep Asian Hope Primary Library Asian Hope Primary Library 04/28/2025 16 KHMER E GAB 208120 04/28/2026 04/21/2026 04/21/2026 04/28/2025 Book

For any Logos Library related questions please contact Miss Art at swongnarasuk@asianhope.org.

For any Asian Hope Library related questions please contact Miss Raza at graza@asianhope.org.

Powered by Koha